00654nam a2200181Ia 4500952013300000999001700133003000400150005001700154008004100171040000900212082002200221100002800243245005500271260006100326300000900387650002600396942005000422 00102ddc40708FICaMESbMEScENGd2019-02-20g265.00l0o891.730108 CHU/Lp22087r2019-02-20 00:00:00w2019-02-20yBKzGR13R1 c14007d14007OSt20201021100641.0190216s9999||||xx |||||||||||||| ||und|| coclc a891.730108bCHU/L aChukhontsev, Oleg95970 0aLeopard 1 : Dissonant Voices /cOleg Chukhontsev  bAn Imprint Of Harper Collins Publishers,c1991.aLondon: a447p aEnglish Short Stories cBK2ddch891.730108iCHU/Lk891.730108mCHU/L